000 01405cam a22002174a 4500
005 20250605164123.0
008 250528s ||||||||||||||||||||||||d
035 _a18367
020 _a340504137
040 _aGR-AtMCL
_bgre
_dGR-AtMCL
_eAACR2
245 1 _aArchitectural Design Procedures
260 _c1990
300 _a220
505 0 _aPreface, Acknowledgements, Setting the Scene, Background to Architectural Practices, Organisation and Business Side of Architectural Practices, Architects and the Law, Technical Information, General Office Practice, Design Constraints, Design Procedures Generally, Pre-Contact Procedures Generally, Pre-Contact Procedures Generally, Contract Stages, Standard Documentation, Word Phrases and Abbreviations, Questions, Bibliography, Recommended Reading, Index.
520 _aPreface, Acknowledgements, Setting the Scene, Background to Architectural Practices, Organisation and Business Side of Architectural Practices, Architects and the Law, Technical Information, General Office Practice, Design Constraints, Design Procedures Generally, Pre-Contact Procedures Generally, Pre-Contact Procedures Generally, Contract Stages, Standard Documentation, Word Phrases and Abbreviations, Questions, Bibliography, Recommended Reading, Index.
700 1 _aEdward Arnold
_9242
700 1 _aThompson Arthur
_91601
942 _cBK
999 _c3729
_d3729